000 00659cam a22002053a 4500
001 39043
003 PGUSA
005 20140828083849.0
008 120304s2012||||xxu|||||s|||||000 | eng d
040 _aPGUSA
_beng
042 _adc
100 1 _aLinguet, Simon Nicolas Henri,
_d1736-1794
245 1 0 _aDie Kakomonade :
_bEin Nachlaß vom Doktor Panglos, als ein Supplement des Kandide
_h[electronic resource] /
_cSimon Nicolas Henri Linguet
260 _bProject Gutenberg,
_c2012
506 _aPublic domain in the USA.
516 _aElectronic text
830 0 _aProject Gutenberg
_v39043
856 4 0 _uhttp://www.gutenberg.org/ebooks/39043
942 _cEB
999 _c268296
_d268296